000 00371nam a22001217a 4500
008 150520b xxu||||| |||| 00| 0 eng d
020 _a0844259071 (student text)
020 _a084425908X (instructor's ed.)
041 0 _aeng
080 _a82-32
245 0 0 _aFiction :
_c[edited by] Jane Bachman Gordon, Karen Kuehner.
942 _2udc
_cBK
999 _c872
_d872